Phương pháp học tập khoa học
Đã lưu trong:
| Príomhúdar: | |
|---|---|
| Formáid: | Leabhar |
| Teanga: | Undetermined |
| Foilsithe: |
Hà Nội
Bách khoa Hà Nội
2012
|
| Ábhair: | |
| Clibeanna: |
Cuir Clib Leis
Gan Chlibeanna, Bí ar an gcéad duine leis an taifead seo a chlibeáil!
|
| Thư viện lưu trữ: | Trung tâm Học liệu Trường Đại học Cần Thơ |
|---|
| LEADER | 00529nam a2200181Ia 4500 | ||
|---|---|---|---|
| 001 | CTU_194112 | ||
| 008 | 210402s9999 xx 000 0 und d | ||
| 020 | |c 22000 | ||
| 082 | |a 371.3 | ||
| 082 | |b H507 | ||
| 100 | |a Trương, Huệ | ||
| 245 | 0 | |a Phương pháp học tập khoa học | |
| 245 | 0 | |c Trương Huệ | |
| 260 | |a Hà Nội | ||
| 260 | |b Bách khoa Hà Nội | ||
| 260 | |c 2012 | ||
| 650 | |a Selfstudy skills,Kỹ năng tự học | ||
| 980 | |a Trung tâm Học liệu Trường Đại học Cần Thơ | ||